University Home | Library Home | Institutional Repository

The art of David Dabydeen / (Record no. 117666)

MARC details
000 -LEADER
fixed length control field 00564cam a2200169 4500
008 - FIXED-LENGTH DATA ELEMENTS--GENERAL INFORMATION
fixed length control field 120412n 000 0 eng u
020 ## - INTERNATIONAL STANDARD BOOK NUMBER
International Standard Book Number 1900715104
035 ## - SYSTEM CONTROL NUMBER
System control number (Sirsi) a175883
050 ## - LIBRARY OF CONGRESS CALL NUMBER
Classification number PR 9320.9 ART 1997
245 ## - TITLE STATEMENT
Title The art of David Dabydeen /
Statement of responsibility, etc. edited by Kevin Grant ; [essays by Mark McWatt ... et al.
260 ## - PUBLICATION, DISTRIBUTION, ETC.
Place of publication, distribution, etc. Leeds:
Name of publisher, distributor, etc. Peepal Tree,
Date of publication, distribution, etc. 1997.
300 ## - PHYSICAL DESCRIPTION
Extent 232p.
504 ## - BIBLIOGRAPHY, ETC. NOTE
Bibliography, etc. note Includes bibliographical references and index.
650 ## - SUBJECT ADDED ENTRY--TOPICAL TERM
Topical term or geographic name entry element Dabydeen, David --Criticism and interpretation.
700 ## - ADDED ENTRY--PERSONAL NAME
Personal name Grant, Kevin.
700 ## - ADDED ENTRY--PERSONAL NAME
Personal name McWatt, Mark A.

No items available.

© 2026 - The University of Zambia Library - Koha v25.11